Statistics for 2024 Christchurch Airport Destinations

Click here to take the quiz!

General Stats

  • This quiz has been taken 11 times
  • The average score is 19 of 25

Answer Stats

HintAnswer% Correct
Air New Zealand, JetstarAuckland
100%
Qantas, Air New ZealandBrisbane
100%
Jetstar, Air New Zealand,
Qantas
Melbourne
100%
Singapore AirlinesSingapore
100%
Air New Zealand, Qantas,
Emirates
Sydney
100%
Air New Zealand, JetstarWellington
100%
Jetstar, Air New ZealandGold Coast
91%
Cathay PacificHong Kong
91%
Air New ZealandDunedin
82%
China SouthernGuangzhou
82%
Air New ZealandNelson
82%
United AirlinesSan Francisco
82%
Air ChathamsChatham Islands
73%
Air New ZealandHamilton
73%
Fiji AirwaysNadi
73%
Air New ZealandNapier
73%
Air New ZealandPalmerston North
73%
Air New ZealandQueenstown
73%
Air New ZealandInvercargill
64%
Air New ZealandNew Plymouth
55%
Air New ZealandRotorua
55%
Air New Zealand, Sounds AirBlenheim
45%
Air New ZealandTauranga
45%
Air New ZealandHokitika
27%
Sounds AirWanaka
18%

Score Distribution

Percentile by Number Answered

Percent of People with Each Score

Your Score History

You have not taken this quiz